| 000 | 00707nam a22001817a 4500 | ||
|---|---|---|---|
| 999 |
_c17943 _d17943 |
||
| 008 | 230207b ||||| |||| 00| 0 eng d | ||
| 082 | _aDPer 510.5 Am351 October - December 2021 v143 no. 5-6 | ||
| 100 |
_aGannot, Oran. _eauthor. _947782 |
||
| 245 |
_aResonance-free regions for diffractive trapping by conormal potentials / _cOran Gannot and Jared Wunsch |
||
| 260 |
_aBaltimore, MaryLand U.S., _bJohns Hopkins University Press, _cOctober 2021. |
||
| 300 | _avolume 143, pages 1339-1360. | ||
| 650 |
_aMathematics. _947783 |
||
| 650 |
_aFunctions. _947784 |
||
| 650 |
_aMetric system. _947732 |
||
| 700 |
_aGannot, Oran. _eauthor. _947782 |
||
| 700 |
_aWunsch, Jared. _eauthor. _947785 |
||
| 942 |
_2ddc _cPER |
||